Estudios sobre la Ley 8/1990 de reforma del régimen urbanístico / José S. Martín Blanco
ISBN:
84-7879-041-1
Descripción Física:
198 p. ; 24 cm
MARC
| LEADER | 00000nam a2200000Ia 4500 | ||
|---|---|---|---|
| 001 | 17355 | ||
| 008 | 160829s1991 xx 000 0 cat d | ||
| 020 | |a 84-7879-041-1 | ||
| 080 | |a D-3-81 | ||
| 100 | |a Martín Blanco, José S. |9 23412 | ||
| 245 | |a Estudios sobre la Ley 8/1990 de reforma del régimen urbanístico / José S. Martín Blanco | ||
| 260 | |a Madrid : |b Colex, |c 1991 | ||
| 300 | |a 198 p. ; |c 24 cm | ||
| 650 | |a Dret urbanístic |x Legislació |x Espanya |x 1990 |9 23413 | ||
| 901 | |a Arxiu | ||
| 942 | |n 1 | ||
| 952 | |0 1 |1 0 |2 udc |4 0 |5 2 |6 D381 |7 1 |9 42698 |a Arxiu |b Arxiu |d 2016-12-01 |l 0 |o D-3-81 |p 17355 |r 2016-12-01 00:00:00 |w 2016-12-01 |y ARXIU | ||
| 999 | |c 45204 |d 45204 | ||